| 000 | 00562nam a22001817a 4500 | ||
|---|---|---|---|
| 999 |
_c172307 _d172307 |
||
| 005 | 20200131124210.0 | ||
| 010 | _aENG-127588 | ||
| 020 |
_a9789388322058 _c599.00 |
||
| 035 | _aEN-111120 | ||
| 037 | _bDBAD/PUB | ||
| 082 | _a500 | ||
| 245 |
_aThe gollancz book of south asian science fiction/ _bedited by Tarun H. Saint |
||
| 260 |
_aGurugram _bHachette India _c2019 |
||
| 270 |
_bGurugram _a4th & 5th floor , corporate centre, plot no-94,sector-44 _e122003 |
||
| 300 |
_avii;375p. _b22 cm(hb) |
||
| 500 | _a | ||
| 942 |
_2ddc _cEN _h500 _mGOL |
||